000 00406nam a2200181Ia 4500
001 9936
005 20260306161755.0
008 260306t2009||||xx |||||||||||||| ||spa||
041 _aESP
082 _a808.8
_bO693E
100 _aAristotelis
_eAUT
245 0 _aEthica eudemia
260 _c2009
300 _axx, 162 páginas :
_c19 cm.
650 _aGEN
654 _aCHU
942 _cLIB
_dJUS
_fJUS
_2ddc
_n
999 _c9936
_d9936